000 01701nam a2200517 i 4500
001 40078
003 KOSZ 005
005 20220722144155.0
008 131010s2000 pl a f f |001 0 pol
015 _aUWD 2013/31560
020 _a8371014368
035 _a991019038819705066
035 _a(PL-WaBN)b29567105-48omnis_nlop
035 _ab29567105
035 _a(OCoLC)750703467
035 _a(PL)b0000002956710
035 _a(EXLNZ-48OMNIS_NETWORK)9910426843705606
040 _aWA N
_cWA N
_dKOSZ 005/HR
041 1 _apol
_heng
046 _k2000
080 _a(07)
080 _a004.42
080 _a004.774
100 1 _aMatthews, Martin S.
_eAutor
245 1 0 _aFrontPage 2000 :
_bkompendium wiedzy /
_cMartin S. Matthews, Erik B. Poulsen ; [tł. Joanna Bartosiewicz et al.].
246 1 _iTyt. oryg.:
_aFrontPage 2000 :
_bthe complete reference,
_f1999
260 _aWarszawa :
_bWydawnictwo PLJ,
_c2000.
300 _aXX, 956 s. :
_bil. ;
_c25 cm.
336 _aTekst
_btxt
_2rdacontent
337 _aBez urządzenia pośredniczącego
_bn
_2rdamedia
338 _aWolumin
_bnc
_2rdacarrier
380 _aKsiążki
388 _a1901-2000
388 _a1989-2000
504 _aIndeks.
650 7 _aFrontPage
_2DBN
655 7 _aPodręcznik
_2DBN
658 _aInformatyka i technologie informacyjne
700 1 _aBartosiewicz, Joanna
_eTłumaczenie
700 1 _aPoulsen, Erik B.
_eAutor
710 2 _aWydawnictwo PLJ, Leszek Reinisch
_4pbl
856 _uhttp://koha.tu.koszalin.pl/cgi-bin/koha/opac-detail.pl?biblionumber=40078
_yKatalog online BPK
942 _2UKD
_cKS
999 _c40078
_d40078